<?xml version="1.0" encoding="UTF-8"?>
<record
    xmlns:xsi="http://www.w3.org/2001/XMLSchema-instance"
    xsi:schemaLocation="http://www.loc.gov/MARC21/slim http://www.loc.gov/standards/marcxml/schema/MARC21slim.xsd"
    xmlns="http://www.loc.gov/MARC21/slim">

  <leader>01038nam a2200277 u 4500</leader>
  <controlfield tag="001">000020328</controlfield>
  <controlfield tag="003">DO-SdBNP</controlfield>
  <controlfield tag="005">20210916150415.0</controlfield>
  <controlfield tag="008">100813s  2015    dr   r   000 0 spa d</controlfield>
  <datafield tag="020" ind1=" " ind2=" ">
    <subfield code="a">9789945082944</subfield>
  </datafield>
  <datafield tag="040" ind1=" " ind2=" ">
    <subfield code="a">DO-SdBNP</subfield>
    <subfield code="b">spa</subfield>
    <subfield code="c">BNPHU</subfield>
  </datafield>
  <datafield tag="082" ind1=" " ind2="4">
    <subfield code="a">BNPHU 927.8</subfield>
    <subfield code="b">P762m</subfield>
  </datafield>
  <datafield tag="100" ind1="1" ind2=" ">
    <subfield code="a">Polanco, Fausto,</subfield>
    <subfield code="d">1968-</subfield>
    <subfield code="9">42975</subfield>
  </datafield>
  <datafield tag="245" ind1="1" ind2="0">
    <subfield code="a">Merengueros /</subfield>
    <subfield code="c">Fausto Polanco; colaboradores y cordinaci&#xF3;n Evelyn Estrella ... [et al.].</subfield>
  </datafield>
  <datafield tag="260" ind1=" " ind2=" ">
    <subfield code="a">Santo Domingo :</subfield>
    <subfield code="b">Talleres Serigraf,</subfield>
    <subfield code="c">2015.</subfield>
  </datafield>
  <datafield tag="300" ind1=" " ind2=" ">
    <subfield code="a">515 p. :</subfield>
    <subfield code="b">il., retrs. ;</subfield>
    <subfield code="c">29 cm.</subfield>
  </datafield>
  <datafield tag="500" ind1=" " ind2=" ">
    <subfield code="a">Incluye datos biogr&#xE1;ficos del autor en la contracubierta</subfield>
  </datafield>
  <datafield tag="504" ind1=" " ind2=" ">
    <subfield code="a">Bibliograf&#xED;a : p. 515</subfield>
  </datafield>
  <datafield tag="590" ind1=" " ind2=" ">
    <subfield code="a">La biblioteca posee 3 ejemplares autogr&#xE1;fiados por el autor</subfield>
  </datafield>
  <datafield tag="590" ind1=" " ind2=" ">
    <subfield code="a">Inventariado, 2021/BT</subfield>
  </datafield>
  <datafield tag="650" ind1="1" ind2="4">
    <subfield code="a">Merengue (m&#xFA;sica)</subfield>
    <subfield code="z">Rep&#xFA;blica Dominicana</subfield>
    <subfield code="x">Historia</subfield>
    <subfield code="9">42976</subfield>
  </datafield>
  <datafield tag="650" ind1="1" ind2="4">
    <subfield code="a">Musicos</subfield>
    <subfield code="z">Rep&#xFA;blica Dominicana</subfield>
    <subfield code="v">BIOGRAF&#xCD;AS</subfield>
    <subfield code="9">42977</subfield>
  </datafield>
  <datafield tag="700" ind1="1" ind2=" ">
    <subfield code="a">Estrella, Evelyn,</subfield>
    <subfield code="e">colaborador</subfield>
    <subfield code="9">42978</subfield>
  </datafield>
  <datafield tag="910" ind1=" " ind2=" ">
    <subfield code="a">Validado. Control de calidad MFF</subfield>
  </datafield>
  <datafield tag="942" ind1=" " ind2=" ">
    <subfield code="2">ddc</subfield>
    <subfield code="c">LBS1</subfield>
  </datafield>
  <datafield tag="952" ind1=" " ind2=" ">
    <subfield code="0">0</subfield>
    <subfield code="1">0</subfield>
    <subfield code="2">ddc</subfield>
    <subfield code="5">1</subfield>
    <subfield code="7">0</subfield>
    <subfield code="8">MO</subfield>
    <subfield code="a">BNPHU</subfield>
    <subfield code="b">DO</subfield>
    <subfield code="c">HD</subfield>
    <subfield code="d">2017-05-05</subfield>
    <subfield code="l">0</subfield>
    <subfield code="o">BNPHU DS 927.8 P762m</subfield>
    <subfield code="p">20328-80</subfield>
    <subfield code="r">2020-06-25</subfield>
    <subfield code="t">e.3</subfield>
    <subfield code="w">2020-06-25</subfield>
    <subfield code="y">LBS1</subfield>
  </datafield>
  <datafield tag="952" ind1=" " ind2=" ">
    <subfield code="0">0</subfield>
    <subfield code="1">0</subfield>
    <subfield code="2">ddc</subfield>
    <subfield code="5">1</subfield>
    <subfield code="7">0</subfield>
    <subfield code="8">MO</subfield>
    <subfield code="a">BNPHU</subfield>
    <subfield code="b">PD</subfield>
    <subfield code="c">HD</subfield>
    <subfield code="d">2017-05-05</subfield>
    <subfield code="l">0</subfield>
    <subfield code="o">BNPHU PD 927.8 P762m</subfield>
    <subfield code="p">20328-60</subfield>
    <subfield code="r">2020-06-25</subfield>
    <subfield code="t">e.2</subfield>
    <subfield code="w">2020-06-25</subfield>
    <subfield code="y">LBS1</subfield>
  </datafield>
  <datafield tag="952" ind1=" " ind2=" ">
    <subfield code="0">0</subfield>
    <subfield code="1">0</subfield>
    <subfield code="2">ddc</subfield>
    <subfield code="5">1</subfield>
    <subfield code="7">0</subfield>
    <subfield code="8">MO</subfield>
    <subfield code="a">BNPHU</subfield>
    <subfield code="b">PD</subfield>
    <subfield code="c">HD</subfield>
    <subfield code="d">2017-05-05</subfield>
    <subfield code="l">0</subfield>
    <subfield code="o">BNPHU PD 927.8 P762m</subfield>
    <subfield code="p">20328-70</subfield>
    <subfield code="r">2020-06-25</subfield>
    <subfield code="w">2020-06-25</subfield>
    <subfield code="y">LBS1</subfield>
  </datafield>
  <datafield tag="952" ind1=" " ind2=" ">
    <subfield code="0">0</subfield>
    <subfield code="1">0</subfield>
    <subfield code="2">ddc</subfield>
    <subfield code="7">5</subfield>
    <subfield code="8">MO</subfield>
    <subfield code="a">BNPHU</subfield>
    <subfield code="b">DO</subfield>
    <subfield code="c">HD</subfield>
    <subfield code="d">2021-09-16</subfield>
    <subfield code="e">Compra</subfield>
    <subfield code="l">0</subfield>
    <subfield code="o">BNPHU DS 927.8 P762m</subfield>
    <subfield code="p">2021-26678</subfield>
    <subfield code="r">2021-09-16</subfield>
    <subfield code="t">e.4</subfield>
    <subfield code="w">2021-09-16</subfield>
    <subfield code="y">LBS1</subfield>
  </datafield>
  <datafield tag="952" ind1=" " ind2=" ">
    <subfield code="0">0</subfield>
    <subfield code="1">0</subfield>
    <subfield code="2">ddc</subfield>
    <subfield code="7">5</subfield>
    <subfield code="8">MO</subfield>
    <subfield code="a">BNPHU</subfield>
    <subfield code="b">DO</subfield>
    <subfield code="c">HD</subfield>
    <subfield code="d">2021-09-16</subfield>
    <subfield code="e">Compra</subfield>
    <subfield code="l">0</subfield>
    <subfield code="o">BNPHU DS 927.8 P762m</subfield>
    <subfield code="p">2021-26682</subfield>
    <subfield code="r">2021-09-16</subfield>
    <subfield code="t">e.5</subfield>
    <subfield code="w">2021-09-16</subfield>
    <subfield code="y">LBS1</subfield>
  </datafield>
  <datafield tag="999" ind1=" " ind2=" ">
    <subfield code="c">19832</subfield>
    <subfield code="d">19832</subfield>
  </datafield>
</record>
